Conceptos generales de logística y descripción práctica de una operación de logística y distribución /

Tallennettuna:
Bibliografiset tiedot
Päätekijä: Estrada Ramírez, Mauricio (autor)
Aineistotyyppi: Opinnäyte Kirja
Kieli:espanja
Aiheet:
Tagit: Lisää tagi
Ei tageja, Lisää ensimmäinen tagi!

MARC

LEADER 00000nam^a2200000^a^4500
001 000104446
005 20250521000000.0
009 20260310093425.127
037 |a Acervo ITESO - Biblioteca 
041 |a ESP 
090 |a LAM. 332 
100 |a Estrada Ramírez, Mauricio  |e (autor) 
245 1 0 |a Conceptos generales de logística y descripción práctica de una operación de logística y distribución /  |c M. Estrada Ramírez. 
264 |a Guadalajara, México :  |b edición de autor,  |c 1999 
300 |a 62 p. 
336 |a texto  |b txt  |2 rdacontenido 
337 |a sin mediación  |b n  |2 rdamedio 
338 |a volumen  |b nc  |2 rdasoporte 
502 |a ITESO Reporte Profesional de Licenciatura en Administración Area Mercadotecnia 
649 |a XX 
650 |a Distribución del Producto 
650 |a Rutas de Comercio 
650 |a Distribución del Producto 
650 |a Mezcla de Mercadotecnia 
650 |a Mercadotecnia 
650 |a Ciencias Administrativas 
910 |a Fondo General 
920 |a Impresos - Tesis del ITESO 
930 |a Colección General 
905 |a 104 
901 |a 0500040387  |b IT2  |c TSS  |u 20250521 
902 |a https://opac.biblio.iteso.mx/vufind/Record/000104446